| 000 | 00403nam a2200133Ia 4500 | ||
|---|---|---|---|
| 005 | 20260328101531.0 | ||
| 008 | 260328s9999||||xx |||||||||||||| ||und|| | ||
| 100 | _aArias, Gloria Inés | ||
| 245 | 0 |
_aRecuperacion del Habitat : _b Memorias XVII congreso Nacional de Arquitecto / _cGloria Inés Arias |
|
| 260 | _bSeccional de Caldas | ||
| 300 | _a233 p. | ||
| 650 | _aARQUITECTURA RESIDENCIAL | ||
| 942 | _cBK | ||
| 999 |
_c9980 _d9980 |
||